[Event "SR 3. liga A2 2004/2005"]
[Site "?"]
[Date "2005.??.??"]
[Round "?"]
[White "Schmikli, Laszlo"]
[Black "Meszaros, Lorant"]
[Result "1-0"]
[WhiteElo "2295"]
[BlackElo "2080"]
[Annotator "Velky Meder - Orech.Potoo"]
[PlyCount "83"]
[EventDate "2004.??.??"]

1. e4 e5 2. Nf3 Nc6 3. d4 exd4 4. c3 dxc3 5. Nxc3 d6 6. Bc4 Be6 7. Bxe6 fxe6 8.
Qb3 Qd7 9. Qxb7 Rb8 10. Qa6 Nf6 11. O-O Be7 12. Be3 O-O 13. Rac1 Ng4 14. Nd1
Nxe3 15. Nxe3 Rb6 16. Qa4 Qe8 17. Qc4 Qf7 18. Ne1 Bg5 19. Rc3 Bxe3 20. Rxe3 e5
21. Rc3 Nd4 22. b3 Qxc4 23. Rxc4 Ra6 24. Nc2 c5 25. Nxd4 cxd4 26. Rc2 d3 27.
Rd2 Rc8 28. Rxd3 Rxa2 29. Rxd6 Kf7 30. Rd7+ Kf6 31. h4 h6 32. Rfd1 Rc6 33. R1d3
Re2 34. Rf3+ Ke6 35. Rxg7 Rxe4 36. Rg6+ Kd5 37. Rd3+ Rd4 38. Rxd4+ exd4 39.
Rxc6 Kxc6 40. g4 Kd5 41. Kf1 Ke4 42. Ke2 1-0

[Event "SR 3. liga A2 2004/2005"]
[Site "?"]
[Date "2005.??.??"]
[Round "?"]
[White "Szekely, Stefan"]
[Black "Bors, Sandor"]
[Result "1-0"]
[WhiteElo "2060"]
[BlackElo "2140"]
[Annotator "Velky Meder - Orech.Potoo"]
[PlyCount "73"]
[EventDate "2004.??.??"]

1. c4 Nf6 2. Nc3 e6 3. Nf3 d5 4. cxd5 exd5 5. d4 c6 6. Bg5 h6 7. Bh4 Be7 8. e3
O-O 9. Be2 Nbd7 10. O-O Re8 11. Qc2 Nh5 12. Bg3 Nxg3 13. hxg3 Nf6 14. Ne5 $11
Bd6 15. f4 a6 16. Bf3 Qb6 17. Rac1 Bxe5 18. fxe5 Nh7 19. Ne2 Be6 20. Nf4 $11
Ng5 21. Rf2 Qd8 22. Re1 Qd7 23. Qe2 Rad8 24. Kh2 Rf8 25. Rd1 Qc8 26. Qd2 Rde8
27. a3 Bg4 28. Qe2 Bxf3 29. gxf3 f6 30. g4 fxe5 31. dxe5 Rf7 32. Nh5 $11 Nxf3+
33. Rxf3 Qxg4 34. Nf6+ Rxf6 35. exf6 Re5 36. Qg2 Rh5+ 37. Kg1 1-0

[Event "SR 3. liga A2 2004/2005"]
[Site "?"]
[Date "2005.??.??"]
[Round "?"]
[White "Ivan, Imrich ml"]
[Black "Lajos, Both"]
[Result "1-0"]
[WhiteElo "2020"]
[BlackElo "1995"]
[Annotator "Velky Meder - Orech.Potoo"]
[PlyCount "99"]
[EventDate "2004.??.??"]

1. c4 e5 2. Nc3 Nc6 3. g3 Nf6 4. Bg2 g6 5. d3 Bg7 6. Nf3 d6 7. O-O O-O 8. Bg5
Ne7 9. Qd2 c6 10. Rad1 Qb6 11. Bxf6 Bxf6 12. Ne4 Bg7 13. Nxd6 Be6 14. Ne4 Rad8
15. Qc2 Kh8 16. b4 f5 17. Nc5 Bg8 18. Ng5 Rd6 19. Rb1 h6 20. Nf3 Qc7 21. a4 b6
22. Nb3 Qd7 23. c5 Re6 24. cxb6 axb6 25. Rfd1 f4 26. Bh3 fxg3 27. hxg3 Qd6 28.
Bxe6 Bxe6 29. Nbd2 Bh3 30. Ne4 Qd7 31. Kh2 Bg4 32. Rh1 Rxf3 33. exf3 Bxf3 34.
Kg1 Bxh1 35. Kxh1 Qh3+ 36. Kg1 Qd7 37. a5 Nf5 38. axb6 Nd4 39. Qd1 Qb7 40. Qg4
Kh7 41. Kg2 Nf5 42. Rh1 Qxb6 43. Ng5+ Kg8 44. Qc4+ Kh8 45. Qe6 Qxb4 46. Qxg6
Ne3+ 47. fxe3 Qd2+ 48. Kf3 e4+ 49. Qxe4 Kg8 50. Qe8+ 1-0

[Event "SR 3. liga A2 2004/2005"]
[Site "?"]
[Date "2005.??.??"]
[Round "?"]
[White "Varga, Alexander"]
[Black "Csefalvay, Stefan"]
[Result "1-0"]
[WhiteElo "1850"]
[BlackElo "1910"]
[Annotator "Velky Meder - Orech.Potoo"]
[PlyCount "97"]
[EventDate "2004.??.??"]

1. d4 Nf6 2. c4 e6 3. Nc3 Bb4 4. a3 Bxc3+ 5. bxc3 c5 6. e3 O-O 7. Bd3 d5 8.
cxd5 exd5 9. f3 Re8 10. Ne2 Nc6 11. O-O c4 12. Bc2 b5 13. Bd2 a5 14. Ng3 Rb8
15. e4 dxe4 16. fxe4 Bg4 17. Qc1 Nh5 18. Nf5 b4 19. axb4 axb4 20. Ba4 bxc3 21.
Bxc6 cxd2 22. Qxd2 Rf8 23. h3 Bxf5 24. Rxf5 Qd6 25. Rc5 Rfc8 26. e5 Qg6 27. d5
Qg3 28. Qe1 Qb3 29. Qc1 Qg3 30. Qe1 Qb3 31. Qe4 Ng3 32. Qf3 Qb2 33. Re1 Qd4+
34. Qe3 Nf5 35. Qxd4 Nxd4 36. Rxc4 Nxc6 37. dxc6 Rc7 38. Rd1 Rbc8 39. Rd7 g6
40. Rxc7 Rxc7 41. Kf2 Kf8 42. Ke3 Ke7 43. Kd4 Rc8 44. Kc5 Ke6 45. Kb6 Rb8+ 46.
Ka7 Rb2 47. c7 Ra2+ 48. Kb7 Rb2+ 49. Kc6 1-0

[Event "SR 3. liga A2 2004/2005"]
[Site "?"]
[Date "2005.??.??"]
[Round "?"]
[White "Vizvari, Ludovit"]
[Black "Arpa, Zoltan"]
[Result "1-0"]
[WhiteElo "1790"]
[BlackElo "1890"]
[Annotator "Velky Meder - Orech.Potoo"]
[PlyCount "83"]
[EventDate "2004.??.??"]

1. d4 e6 2. c4 d5 3. Nc3 Nf6 4. Nf3 Be7 5. Bf4 c6 6. e3 Nh5 7. Bg3 Nxg3 8. hxg3
Bb4 9. Rc1 Nd7 10. a3 Ba5 11. b4 Bc7 12. Qc2 h6 13. cxd5 exd5 14. Nxd5 Bxg3 15.
Qe4+ Kf8 16. fxg3 cxd5 17. Qxd5 Qe7 18. Ke2 Nf6 19. Qe5 Ne4 20. Qxe7+ Kxe7 21.
Rh4 Nxg3+ 22. Kf2 Nxf1 23. Re4+ Kd8 24. Kxf1 Be6 25. d5 Bf5 26. Rf4 Bd3+ 27.
Kf2 f6 28. Nd4 Kd7 29. Ne6 Rac8 30. Nc5+ Rxc5 31. bxc5 Re8 32. Rd4 Bf5 33. Kf3
Re7 34. g4 Bg6 35. Rcc4 Bf7 36. Ra4 a6 37. Rab4 Kc8 38. Rb6 Rc7 39. c6 bxc6 40.
dxc6 Be8 41. Rd6 a5 42. Ra6 1-0

[Event "SR 3. liga A2 2004/2005"]
[Site "?"]
[Date "2005.??.??"]
[Round "?"]
[White "Liska, Frantisek"]
[Black "Ivan, Imrich st"]
[Result "1/2-1/2"]
[WhiteElo "2025"]
[BlackElo "1780"]
[Annotator "Velky Meder - Orech.Potoo"]
[PlyCount "77"]
[EventDate "2004.??.??"]

1. Nf3 Nf6 2. c4 c5 3. Nc3 Nc6 4. d3 d6 5. g3 g6 6. Bg2 Bg7 7. O-O O-O 8. e4 e5
9. Nh4 Nd4 10. Ne2 Bd7 11. Nxd4 cxd4 12. f4 Bg4 13. Bf3 h5 14. b3 Qd7 15. Bxg4
Nxg4 16. f5 Kh7 17. Qe2 Bh6 18. Bxh6 Kxh6 19. Qd2+ g5 20. Ng2 Rg8 21. h3 Nf6
22. Ne1 Kh7 23. b4 Ne8 24. a4 f6 25. Nc2 b6 26. Rfb1 Nc7 27. b5 a5 28. bxa6
Rxa6 29. Nb4 Ra5 30. Qd1 Kh6 31. Ra2 Rga8 32. Rba1 Qe8 33. Qb3 Qd7 34. Nc2 Qc6
35. c5 Kg7 36. cxb6 Rb8 37. Rb2 Na6 38. b7 Nc5 39. Qc4 1/2-1/2

[Event "SR 3. liga A2 2004/2005"]
[Site "?"]
[Date "2005.??.??"]
[Round "?"]
[White "Vegh, Vince"]
[Black "Szitasi, Janos"]
[Result "1-0"]
[WhiteElo "1670"]
[BlackElo "2005"]
[Annotator "Velky Meder - Orech.Potoo"]
[PlyCount "96"]
[EventDate "2004.??.??"]

1. e4 c5 2. Nf3 Nc6 3. d4 cxd4 4. Nxd4 Nf6 5. Nc3 g6 6. Be3 d6 7. f3 Bg7 8. Qd2
O-O 9. Bc4 a6 10. h4 Nxd4 11. Bxd4 Bd7 12. h5 e5 13. Be3 Nxh5 14. O-O-O Bc6 15.
Bh6 Nf4 16. Bxf4 exf4 17. Qxf4 Qa5 18. Nd5 Bxd5 19. Bxd5 Qb4 20. Bb3 Rad8 21.
Rh6 d5 22. Rdh1 Qd4 23. c3 Bxh6 24. Qxh6 Qg7 25. exd5 Qxh6+ 26. Rxh6 Kg7 27.
Rh2 b5 28. Kd2 a5 29. a3 Rb8 30. g3 Rfd8 31. Kd3 h5 32. Kd4 f6 33. a4 Kf7 34.
Bc2 Rdc8 35. Bb3 Ke7 36. Re2+ Kf7 37. d6+ Kf8 38. axb5 Rxb5 39. Ba4 Rbb8 40. c4
Rd8 41. Kd5 g5 42. b3 Rbc8 43. c5 Kf7 44. d7 Ra8 45. c6 Ra7 46. Kd6 Ra6 47. Bb5
Rb6 48. Kc5 Rdb8 1-0

[Event "SR 3. liga A2 2004/2005"]
[Site "?"]
[Date "2005.??.??"]
[Round "?"]
[White "Kubis, Ivan"]
[Black "Sulek, Viliam"]
[Result "1/2-1/2"]
[WhiteElo "2060"]
[BlackElo "2160"]
[Annotator "Skalica - Gabeikovo"]
[PlyCount "41"]
[EventDate "2004.??.??"]

1. e4 c5 2. Nf3 Nc6 3. d4 cxd4 4. Nxd4 Nf6 5. Nc3 e5 6. Ndb5 d6 7. Bg5 a6 8.
Bxf6 gxf6 9. Na3 b5 10. Nd5 Bg7 11. Bd3 Ne7 12. Nxe7 Qxe7 13. O-O O-O 14. Qf3
Be6 15. c3 Rad8 16. Nc2 d5 17. Nb4 dxe4 18. Bxe4 Rd2 19. a4 bxa4 20. Rxa4 Rxb2
21. Rxa6 1/2-1/2

[Event "SR 3. liga A2 2004/2005"]
[Site "?"]
[Date "2005.??.??"]
[Round "?"]
[White "Janko, Ladislav"]
[Black "Pekar, Tibor"]
[Result "1-0"]
[WhiteElo "2200"]
[BlackElo "2015"]
[Annotator "Skalica - Gabeikovo"]
[PlyCount "33"]
[EventDate "2004.??.??"]

1. e4 c5 2. Nf3 Nc6 3. d4 cxd4 4. Nxd4 a6 5. Nc3 e6 6. g3 Bc5 7. Be3 Qf6 8.
Nxe6 fxe6 9. Bxc5 Nge7 10. Bg2 O-O 11. O-O Rf7 12. f4 g6 13. e5 Qg7 14. Ne4 Kh8
15. Nd6 Rf8 16. Nxc8 Raxc8 17. Qxd7 1-0

[Event "SR 3. liga A2 2004/2005"]
[Site "?"]
[Date "2005.??.??"]
[Round "?"]
[White "Hrubsa, Vladimir"]
[Black "Petenyi, Tamas"]
[Result "1-0"]
[WhiteElo "1990"]
[BlackElo "2035"]
[Annotator "Skalica - Gabeikovo"]
[PlyCount "79"]
[EventDate "2004.??.??"]

1. e4 c5 2. b3 Nc6 3. Bb2 d6 4. Bb5 e5 5. Bxc6+ bxc6 6. Ne2 Nf6 7. d3 Be7 8.
O-O O-O 9. Ng3 Be6 10. Nd2 Qd7 11. Nc4 Ne8 12. Ne3 g6 13. Ne2 f6 14. f4 exf4
15. Nxf4 d5 16. exd5 cxd5 17. Qf3 Nc7 18. Rae1 Bf7 19. Ng4 d4 20. Ba3 Qd6 21.
Rf2 Rae8 22. Bc1 Bd8 23. Ref1 Ne6 24. Qg3 Nxf4 25. Bxf4 Qe6 26. Bd6 f5 27. Nh6+
Kh8 28. Bxf8 Rxf8 29. Nxf7+ Rxf7 30. Qb8 Rd7 31. g4 Qc6 32. gxf5 gxf5 33. Rf3
Rg7+ 34. Rg3 Rxg3+ 35. hxg3 Qe8 36. Qf4 Qg6 37. Kg2 Qc6+ 38. Qf3 Qe8 39. Qxf5
Be7 40. Qe4 1-0

[Event "SR 3. liga A2 2004/2005"]
[Site "?"]
[Date "2005.??.??"]
[Round "?"]
[White "Puobis, Jozef"]
[Black "Londin, Martin"]
[Result "1/2-1/2"]
[WhiteElo "2060"]
[BlackElo "1925"]
[Annotator "Skalica - Gabeikovo"]
[PlyCount "62"]
[EventDate "2004.??.??"]

1. e4 e5 2. Nc3 Bc5 3. Nf3 Nc6 4. Bb5 Nge7 5. O-O O-O 6. d3 a6 7. Bc4 h6 8. Be3
Ba7 9. Bxa7 Rxa7 10. a3 d6 11. h3 Ng6 12. Ne2 Qf6 13. Nh2 Nh4 14. c3 Ne7 15. f4
d5 16. Bxd5 Nxd5 17. exd5 exf4 18. Rxf4 Qg5 19. Qf1 Ng6 20. Rf3 Qxd5 21. Qf2 b6
22. d4 c5 23. Rf1 Re7 24. dxc5 bxc5 25. Nf4 Nxf4 26. Rxf4 Rfe8 27. Qg3 Qg5 28.
Qxg5 hxg5 29. R4f2 f6 30. Nf3 Bb7 31. Nd2 Bd5 $11 1/2-1/2

[Event "SR 3. liga A2 2004/2005"]
[Site "?"]
[Date "2005.??.??"]
[Round "?"]
[White "Vepy, Ivan"]
[Black "Kosar, Mikulas ml"]
[Result "1/2-1/2"]
[WhiteElo "1890"]
[BlackElo "2005"]
[Annotator "Skalica - Gabeikovo"]
[PlyCount "125"]
[EventDate "2004.??.??"]

1. e4 e5 2. Nf3 Nc6 3. Bb5 Nf6 4. O-O Bc5 5. c3 O-O 6. Re1 d6 7. h3 Ne7 8. d4
exd4 9. cxd4 Bb4 10. Nc3 c6 11. Bd3 Ng6 12. Bg5 h6 13. Bd2 Be6 14. Qc2 Nh5 15.
a3 Bxc3 16. Bxc3 Qd7 17. Kh2 Nhf4 18. Bf1 Rac8 19. Qd2 Rfe8 20. Ng1 Qd8 21. g3
Nh5 22. Rad1 Nf6 23. Bd3 Bb3 24. Rc1 Nd7 25. e5 dxe5 26. Bxg6 fxg6 27. dxe5 Bd5
28. Re3 Nc5 29. Rce1 Re6 30. Qc2 b6 31. Ne2 g5 32. Nd4 Re8 33. b4 Ne6 34. Nf5
Rc7 35. Qe2 Rf8 36. Nd6 Qe7 37. Kg1 b5 38. Qh5 Kh7 39. Qd1 g6 40. Nxb5 Rd7 41.
Nd6 h5 42. Rd3 h4 43. Ne4 hxg3 44. fxg3 Kg7 45. Nf6 Rdd8 46. Nxd5 Rxd5 47. Rxd5
cxd5 48. Qxd5 Qf7 49. Qg2 Qc7 50. Re3 Qb6 51. Qe4 Rc8 52. Kg2 Qa6 53. Bb2 Rc4
54. Qd3 Qc6+ 55. Kh2 Kh6 56. Re2 Nc7 57. Qd6 Qf3 58. Qd2 Ne6 59. Rf2 Qe4 60.
Re2 Qc6 61. Qd6 Qf3 62. Qd2 Qc6 63. Qd6 1/2-1/2

[Event "SR 3. liga A2 2004/2005"]
[Site "?"]
[Date "2005.??.??"]
[Round "?"]
[White "Kosar, Mikulas st"]
[Black "Jakubek, Martin"]
[Result "0-1"]
[WhiteElo "2075"]
[BlackElo "1735"]
[Annotator "Skalica - Gabeikovo"]
[PlyCount "46"]
[EventDate "2004.??.??"]

1. e4 c5 2. Nf3 Nc6 3. c3 d5 4. exd5 Qxd5 5. h3 Bf5 6. d3 Rd8 7. Be3 e5 8. Nfd2
Bxd3 9. Bxd3 Qxd3 10. Na3 Nf6 11. Qc2 Qxc2 12. Nxc2 Be7 13. O-O O-O 14. Rad1
Nd5 15. Rfe1 Nxe3 16. Nxe3 Bg5 17. Ne4 Bxe3 18. fxe3 b6 19. Kf2 f5 20. Nd2 e4
21. Kg1 Ne5 22. Rf1 Rd3 23. Rfe1 Rfd8 0-1

[Event "SR 3. liga A2 2004/2005"]
[Site "?"]
[Date "2005.??.??"]
[Round "?"]
[White "Hrubsa, Marian"]
[Black "Kubica, Adrian"]
[Result "0-1"]
[WhiteElo "1775"]
[BlackElo "1950"]
[Annotator "Skalica - Gabeikovo"]
[PlyCount "116"]
[EventDate "2004.??.??"]

1. e4 e5 2. Nf3 Nf6 3. Nxe5 d6 4. Nf3 Nxe4 5. d4 d5 6. Bd3 Bd6 7. O-O O-O 8. c4
Nf6 9. b3 Bg4 10. Be3 c6 11. Nbd2 Qc7 12. Qc2 Nbd7 13. c5 Bf4 14. b4 Rfe8 15.
Rfe1 b6 16. cxb6 Nxb6 17. Bxf4 Qxf4 18. Qxc6 Rac8 19. Qb7 Nfd7 20. Bb5 Qb8 21.
Qxb8 Rxb8 22. Rac1 Rxe1+ 23. Rxe1 Rc8 24. a4 Nb8 25. a5 N6d7 26. h3 Bxf3 27.
Nxf3 Kf8 28. Ne5 Nf6 29. Ng4 Ne4 30. Ne3 Nc3 31. Bd3 Nc6 32. Nc2 Rb8 33. Bf5
Nxb4 34. Nxb4 Rxb4 35. Bd7 Rb1 36. Rxb1 Nxb1 37. Bc6 Nc3 38. Kf1 Ke7 39. Ke1
$11 Kd6 40. Bb7 Nb5 41. Kd2 Nxd4 42. Kd3 Kc5 43. a6 Ne6 44. Ke3 Kc4 45. g3 d4+
46. Kd2 Nc5 47. f3 Nb3+ 48. Kd1 Kc3 49. h4 d3 50. g4 h6 51. g5 d2 52. Be4 Nc5
53. g6 f6 54. Bc2 Nxa6 55. h5 Nc5 56. f4 a5 57. f5 a4 58. Bd3 Nxd3 0-1

[Event "SR 3. liga A2 2004/2005"]
[Site "?"]
[Date "2005.??.??"]
[Round "?"]
[White "Vach, Pavol"]
[Black "Gajarsky, Roman"]
[Result "1-0"]
[WhiteElo "2125"]
[BlackElo "2025"]
[Annotator "Senica B - Hlohovec jun."]
[PlyCount "107"]
[EventDate "2004.??.??"]

1. d4 d5 2. c4 c6 3. Nc3 f5 4. Nf3 Nf6 5. Ne5 Nbd7 6. cxd5 Nxe5 7. dxe5 Nxd5 8.
Nxd5 Qxd5 9. Qxd5 cxd5 10. e3 e6 11. Bd2 Bd7 12. Bd3 Bc5 13. Bc3 O-O 14. g3 b5
15. a3 a5 16. Kd2 Rfc8 17. Bxa5 Rxa5 18. b4 Bxe3+ 19. fxe3 Ra7 20. Rhc1 Rca8
21. Rc5 Rb7 22. Kc3 Kf7 23. Kb3 Ke7 24. Rac1 Rba7 25. Ra1 Rb7 26. Kb2 g5 27.
Rac1 h5 28. Rc7 Rab8 29. R1c5 g4 30. Kc3 Kd8 31. Rxb7 Rxb7 $11 32. Kb3 Rb8 33.
Rc1 Rc8 34. Rh1 Bc6 35. Rc1 Kd7 36. Rc5 Rb8 37. Kb2 Rb6 38. a4 bxa4 39. b5 Ba8
40. Ka3 Rb7 41. Kxa4 Ra7+ 42. Kb4 Ra2 43. Rc2 Ra1 44. Kc5 Ra4 45. b6 Bc6 46. b7
Kc7 47. b8=Q+ Kxb8 48. Kxc6 d4 49. Kd6 dxe3 50. Kxe6 f4 51. gxf4 Rxf4 52. Re2
Kc8 53. Rxe3 Kd8 54. Ba6 1-0

[Event "SR 3. liga A2 2004/2005"]
[Site "?"]
[Date "2005.??.??"]
[Round "?"]
[White "Hertel, Ondrej"]
[Black "Palka, Miroslav"]
[Result "1/2-1/2"]
[WhiteElo "1910"]
[BlackElo "2060"]
[Annotator "Senica B - Hlohovec jun."]
[PlyCount "113"]
[EventDate "2004.??.??"]

1. d4 d5 2. Nf3 Nf6 3. c4 c6 4. Nc3 e6 5. Bg5 Nbd7 6. e3 Qa5 7. Nd2 Bb4 8. Qc2
dxc4 9. Bxf6 Nxf6 10. Nxc4 Qc7 11. a3 Be7 12. Bd3 O-O 13. e4 h6 14. e5 Nd5 15.
Ne4 b6 16. O-O Ba6 17. Rac1 Nf4 18. Rfd1 Nxd3 19. Rxd3 Rac8 20. Rg3 Bxc4 21.
Nf6+ Bxf6 22. exf6 g5 23. Qxc4 Qf4 24. Rf3 Qe4 25. h4 g4 26. Rg3 h5 27. Re3 Qf5
28. Re5 Qxf6 29. Rg5+ Kh8 30. Rxh5+ Kg7 $11 31. Rg5+ Kh6 32. Rxg4 Rg8 33. Qe2
Rxg4 34. Qxg4 Rd8 35. Rd1 Rd5 36. g3 Qg6 37. Qf4+ Kg7 38. Rd2 Qb1+ 39. Kh2 Qe1
40. Qe3 Qxe3 41. fxe3 e5 42. Kg2 c5 43. Kf3 exd4 $11 44. exd4 f5 45. Ke3 c4 46.
Rc2 b5 47. a4 a6 48. axb5 axb5 49. b3 cxb3 50. Rb2 Kg6 51. Rxb3 Kh5 52. Kf4
Rxd4+ 53. Kxf5 b4 54. Ke5 Rc4 55. Rd3 Rc5+ 56. Ke4 Kg4 57. Rb3 $11 1/2-1/2

[Event "SR 3. liga A2 2004/2005"]
[Site "?"]
[Date "2005.??.??"]
[Round "?"]
[White "Skapikova, Lubica"]
[Black "Peska, Juraj"]
[Result "0-1"]
[WhiteElo "2000"]
[BlackElo "1845"]
[Annotator "Senica B - Hlohovec jun."]
[PlyCount "80"]
[EventDate "2004.??.??"]

1. e4 c5 2. Nf3 Nc6 3. d4 cxd4 4. Nxd4 Nf6 5. Nc3 g6 6. Be3 Bg7 7. f3 d6 8. Bc4
Na5 9. Bb5+ Bd7 10. Qe2 a6 11. Bxd7+ Qxd7 12. O-O O-O 13. Rad1 Rac8 14. Qf2 Nc4
15. Bc1 b5 16. g4 b4 17. Nce2 Ne8 18. Ng3 Nc7 19. h4 Nb5 20. h5 Nxd4 21. Rxd4
Qa7 22. c3 bxc3 23. bxc3 Bxd4 24. cxd4 e5 25. Rd1 exd4 26. Rxd4 Rc6 27. Ne2
Rfc8 28. Kh1 Ne5 29. Be3 Qb7 30. Kg2 Qb2 31. Rd2 Rc2 32. Bd4 Qxa2 33. Nc3 Rxd2
34. Nxa2 Rxf2+ 35. Bxf2 Rc2 36. Nb4 Rb2 37. Nd5 Nd3 38. h6 Rxf2+ 39. Kg3 a5 40.
Nf6+ Kh8 0-1

[Event "SR 3. liga A2 2004/2005"]
[Site "?"]
[Date "????.??.??"]
[Round "?"]
[White "Kollarik, Gorazd"]
[Black "Fidericky, Milan"]
[Result "1/2-1/2"]
[WhiteElo "1840"]
[BlackElo "1940"]
[Annotator "Senica B - Hlohovec jun."]
[PlyCount "88"]
[EventDate "2004.??.??"]

1. d4 f5 2. c4 Nf6 3. g3 e6 4. Bg2 Nc6 5. Nf3 Bb4+ 6. Bd2 Bxd2+ 7. Nbxd2 O-O 8.
e3 Rb8 9. O-O d6 10. a3 Ne7 11. Qc2 Bd7 12. Rfc1 Bc6 13. b4 h6 14. b5 Be8 15.
a4 Bg6 16. Qb3 Bf7 17. Qb2 g5 18. c5 Rc8 19. Ra3 Ned5 20. h3 Qe7 21. c6 Rb8 22.
cxb7 Rxb7 23. Rc6 Rb6 24. Nc4 Rxc6 25. bxc6 Qe8 26. Qb7 Qa8 27. Rb3 Rc8 28. a5
Be8 29. Qxa8 Rxa8 30. Nfd2 Bxc6 31. e4 fxe4 32. Nxe4 Nxe4 33. Bxe4 Rc8 34. Ne3
Ne7 35. f3 Bxe4 36. fxe4 Nc6 37. d5 exd5 38. Nxd5 Kf8 39. Rb7 Nxa5 40. Rxa7 Nc6
41. Rxc7 Rxc7 42. Nxc7 Kf7 43. Kf2 Kf6 44. Ke3 Ke5 1/2-1/2

[Event "SR 3. liga A2 2004/2005"]
[Site "?"]
[Date "2005.??.??"]
[Round "?"]
[White "Sipkovsky, Ivan"]
[Black "Skocik, Jozef"]
[Result "1/2-1/2"]
[WhiteElo "1835"]
[BlackElo "1730"]
[Annotator "Senica B - Hlohovec jun."]
[PlyCount "51"]
[EventDate "2004.??.??"]

1. e4 e6 2. d4 d5 3. Nd2 dxe4 4. Nxe4 Nd7 5. Nf3 Ngf6 6. Bd3 Nxe4 7. Bxe4 Nf6
8. Bd3 c5 9. dxc5 Bxc5 10. O-O O-O 11. a3 h6 12. b4 Bb6 13. Bb2 Qe7 14. Qe2 Bd7
15. Ne5 Rfd8 16. Rad1 Rac8 17. Nxd7 Nxd7 18. Qe4 Nf6 19. Bxf6 Qxf6 20. Qxb7 Qb2
21. Qa6 Rc3 22. Be4 Rxd1 23. Rxd1 f5 24. Bd3 Qxa3 25. Qxa3 Rxa3 26. b5 $11
1/2-1/2

[Event "SR 3. liga A2 2004/2005"]
[Site "?"]
[Date "2005.??.??"]
[Round "?"]
[White "Filip, Frantisek"]
[Black "Zisek, Jaroslav"]
[Result "1/2-1/2"]
[WhiteElo "1825"]
[BlackElo "1770"]
[Annotator "Senica B - Hlohovec jun."]
[PlyCount "92"]
[EventDate "2004.??.??"]

1. e4 c5 2. f4 Nf6 3. d3 Nc6 4. Nf3 d5 5. e5 Ng8 6. Be3 b6 7. c3 Qc7 8. Be2 f6
9. d4 c4 10. O-O Nh6 11. Nh4 f5 12. Nd2 e6 13. a4 Be7 14. Bf2 Bd7 15. b3 cxb3
16. Nxb3 a6 17. Nf3 Ng4 18. Qe1 Qd8 19. Nfd2 g5 20. h3 Nxf2 21. Bh5+ Kf8 22.
Qxf2 gxf4 23. Qxf4 Bg5 24. Qf2 Be8 25. Bxe8 Kxe8 26. Qe2 h5 27. Nf3 Bf4 28. c4
Bh6 29. Rab1 Bf8 30. Nbd2 Rg8 31. Rfc1 Ne7 32. c5 bxc5 33. dxc5 Ng6 34. Rb4 Qa5
35. Rd4 Bxc5 36. Rxc5 Qxc5 37. Kh2 Qc7 38. g3 a5 39. h4 Ke7 40. Qe3 Kf8 41. Rd3
Rc8 42. Nb3 Kg7 43. Nbd4 Rge8 44. Qg5 Qe7 45. Qe3 Rc4 46. Rb3 Rxa4 $11 1/2-1/2

[Event "SR 3. liga A2 2004/2005"]
[Site "?"]
[Date "2005.??.??"]
[Round "?"]
[White "Havlicek, Peter"]
[Black "Barea, Michal"]
[Result "1-0"]
[WhiteElo "1675"]
[BlackElo "1715"]
[Annotator "Senica B - Hlohovec jun."]
[PlyCount "136"]
[EventDate "2004.??.??"]

1. e4 c5 2. f4 Nc6 3. Nf3 d6 4. c3 Nf6 5. d3 e6 6. Be2 Be7 7. O-O Bd7 8. h3 Rb8
9. Be3 b5 10. Nbd2 O-O 11. g4 Ne8 12. f5 a5 13. Qe1 b4 14. c4 Bf6 15. Rb1 Nd4
16. Nxd4 cxd4 17. Bf4 e5 18. Bg3 Nc7 19. h4 h6 20. Nf3 g6 21. Rf2 Kh7 22. Qd2
Bg7 23. Rbf1 Rg8 24. Kg2 Bf6 25. fxg6+ Rxg6 26. g5 hxg5 27. hxg5 Bxg5 28. Nxg5+
Qxg5 29. Rxf7+ Kh8 30. Qxg5 Rxg5 31. Rh1+ Kg8 32. Rxd7 Ne6 33. Kh3 Rf8 34. Rf1
Nf4+ 35. Bxf4 exf4 36. Bg4 Rf6 37. Kh4 Rgg6 38. Rf2 Rh6+ 39. Bh5 f3 40. Kg5 Kf8
41. Rxf3 Rxf3 42. Bxf3 Rh2 43. Kf6 Rh6+ 44. Kf5 Rh3 45. Kf4 Rh2 46. Ra7 Rxb2
47. Rxa5 Rd2 48. Rb5 Rxd3 49. Rxb4 Ra3 50. Rb2 Rc3 51. Rb4 Ra3 52. Rb3 Ra4 53.
e5 dxe5+ 54. Kxe5 Rxc4 55. Rd3 Ra4 56. a3 Rc4 57. Kd5 Ra4 58. Kc5 Ke7 59. Bd5
Kd8 60. Kb5 Ra7 61. a4 Kc8 62. Rxd4 Rg7 63. Kb6 Rg6+ 64. Bc6 Rf6 65. a5 Rg6 66.
a6 Rxc6+ 67. Kxc6 Kb8 68. Kb6 Kc8 1-0

[Event "SR 3. liga A2 2004/2005"]
[Site "?"]
[Date "2005.??.??"]
[Round "?"]
[White "Racik, Marek"]
[Black "Palka, Martin"]
[Result "0-1"]
[WhiteElo "1665"]
[BlackElo "1650"]
[Annotator "Senica B - Hlohovec jun."]
[PlyCount "130"]
[EventDate "2004.??.??"]

1. Nf3 c5 2. c4 Nc6 3. g3 g6 4. Bg2 Bg7 5. O-O Nf6 6. d3 O-O 7. Nc3 a6 8. Bf4
Nh5 9. Bd2 Rb8 10. Qc1 Re8 11. Nh4 Nf6 12. f4 Nd4 13. f5 d6 14. fxg6 hxg6 15.
Bh6 Bh8 16. e3 Ne6 17. Ne2 Ng4 18. e4 Nxh6 19. Qxh6 Bg7 20. Qd2 Nd4 21. Nxd4
Bxd4+ 22. Kh1 b5 23. Rf3 bxc4 24. dxc4 Rxb2 25. Qg5 Bf6 26. Qh6 Bg7 27. Qf4 Rf8
28. Raf1 e5 29. Qc1 Qb6 30. Qg5 Rb1 31. Nxg6 Rxf1+ 32. Bxf1 fxg6 33. Rxf8+ Kxf8
34. Qxg6 Qc7 35. h4 Qe7 36. Qh5 Qf7 37. Qe2 Be6 38. Qd3 Ke7 39. Kg2 Qe8 40. Be2
Qa4 41. a3 Qa5 42. Kf2 Bh6 43. Qb3 Qd2 44. Kf3 Qc1 45. Qb7+ Bd7 46. Qxa6 Qh1+
47. Kf2 Qxe4 48. g4 Be3+ 49. Ke1 Qh1+ 50. Bf1 Qxh4+ 51. Kd1 Bxg4+ 52. Kc2 Bf5+
53. Kb3 Bd7 54. Qb7 Qe1 55. Bd3 Qd2 56. Qe4 Bd4 57. Qe2 Qxe2 58. Bxe2 Bc6 59.
a4 Kd7 60. a5 Kc7 61. Kc2 Kb7 62. Kd3 Ka6 63. Bg4 Kxa5 64. Bf5 Kb4 65. Bg6 Bg2
0-1

[Event "SR 3. liga A2 2004/2005"]
[Site "?"]
[Date "2005.??.??"]
[Round "?"]
[White "Sturdik, Igor"]
[Black "Pribila, Michal"]
[Result "0-1"]
[WhiteElo "1925"]
[BlackElo "2055"]
[Annotator "Modranka - Gbely"]
[PlyCount "102"]
[EventDate "2004.??.??"]

1. e4 c5 2. Nf3 d6 3. d4 cxd4 4. Nxd4 Nf6 5. Nc3 a6 6. Bg5 e6 7. f4 Be7 8. Qf3
h6 9. Bh4 Qc7 10. O-O-O Nbd7 11. Be2 Nc5 12. e5 dxe5 13. fxe5 Nfd7 14. Bg3 Nxe5
15. Qf2 O-O 16. Rhe1 Ncd7 17. Nf3 Qa5 18. Kb1 Nxf3 19. Bxf3 Bb4 20. Bd6 Bxd6
21. Rxd6 Ne5 22. Qd4 f6 23. Rd1 Nxf3 24. gxf3 b5 25. Ne4 Bb7 26. Rxe6 Bxe4 27.
Qxe4 Ra7 28. Rg1 Qc7 29. f4 Qc5 30. Qg6 a5 31. Re2 Qd5 32. Qxh6 a4 33. Qh3 Rd8
34. Qe6+ Qxe6 35. Rxe6 Kf7 36. Rb6 Rd5 37. c3 Re7 38. Rg2 g6 39. Kc2 Rf5 40.
Rd2 Kg7 41. Kd1 Re4 42. Rd7+ Kh6 43. Rd4 Rxd4+ 44. cxd4 Rxf4 45. Rxb5 Rxd4+ 46.
Ke2 Rh4 47. Kf3 Rxh2 48. a3 f5 49. Rb4 Kg5 50. Rxa4 Rxb2 51. Rc4 Rb3+ 0-1

[Event "SR 3. liga A2 2004/2005"]
[Site "?"]
[Date "2005.??.??"]
[Round "?"]
[White "Vach, Jozef"]
[Black "Kohoutek, Pavol"]
[Result "0-1"]
[WhiteElo "2035"]
[BlackElo "2085"]
[Annotator "Modranka - Gbely"]
[PlyCount "68"]
[EventDate "2004.??.??"]

1. e4 e6 2. d4 d5 3. exd5 exd5 4. Nf3 Nf6 5. Bd3 Bg4 6. O-O Be7 7. Re1 O-O 8.
Bg5 Nbd7 9. Nbd2 Re8 10. c3 c6 11. Qc2 h6 12. Bh4 Qc7 13. Bg3 Bd6 14. Bxd6 Qxd6
15. h3 Bxf3 16. Nxf3 Nh5 17. Re3 Rxe3 18. fxe3 Re8 19. Qf2 Nhf6 20. Nd2 c5 21.
Re1 Qb6 22. b3 Qa5 23. Nb1 Ne4 24. Bxe4 Rxe4 25. Rf1 Re7 26. Qf5 cxd4 27. exd4
Qxa2 28. Qxd5 Nf6 29. Qc5 Re2 30. Qc8+ Kh7 31. Qxb7 Ne4 32. Rf2 Qxb1+ 33. Rf1
Qc2 34. Kh1 Rxg2 0-1

[Event "SR 3. liga A2 2004/2005"]
[Site "?"]
[Date "2005.??.??"]
[Round "?"]
[White "Mackovic, Miroslav"]
[Black "Pribila, Gerhard"]
[Result "0-1"]
[WhiteElo "1930"]
[BlackElo "1675"]
[Annotator "Modranka - Gbely"]
[PlyCount "56"]
[EventDate "2004.??.??"]

1. e4 c5 2. Nf3 d6 3. d4 cxd4 4. Nxd4 Nf6 5. Nc3 g6 6. Be3 Bg7 7. f3 O-O 8. Bc4
Nc6 9. Qd2 Bd7 10. O-O-O Rc8 11. Bb3 Ne5 12. Bh6 Bxh6 13. Qxh6 Rxc3 14. bxc3
Qa5 15. Qe3 Rc8 16. Ne2 Qa3+ 17. Kb1 a5 18. Qc1 Qc5 19. a4 b5 20. axb5 Bxb5 21.
Nd4 a4 22. Ba2 Bc4 23. Qb2 Nfd7 24. Bxc4 Nxc4 25. Qa1 Rb8+ 26. Kc1 e5 27. Rhe1
exd4 28. cxd4 Qg5+ 0-1